书目信息 |
| 题名: |
安全文明、绿色施工细部节点做法与施工工艺图解
|
|
| 作者: | 刘明生 主编 | |
| 分册: | ||
| 出版信息: | 北京 中国建筑工业出版社 2025.02 |
|
| 页数: | 16, 223页 | |
| 开本: | 21cm | |
| 丛书名: | 建筑工程细部节点做法与施工工艺图解丛书 | |
| 单 册: | ||
| 中图分类: | TU-023 | |
| 科图分类: | ||
| 主题词: | 建筑工程--jian zhu gong cheng--节点--细部设计--无污染技术--图解 , 建筑工程--jian zhu gong cheng--工程施工--无污染技术--图解 | |
| 电子资源: | ||
| ISBN: | 978-7-112-30260-4 | |
| 000 | 01424nam 2200289 450 | |
| 001 | 93978 | |
| 005 | 20250819192510.19 | |
| 010 | @a978-7-112-30260-4@dCNY39.00 | |
| 100 | @a20250308d2025 em y0chiy50 ea | |
| 101 | 0 | @achi |
| 102 | @aCN@b110000 | |
| 105 | @aa z 000yy | |
| 106 | @ar | |
| 200 | 1 | @a安全文明、绿色施工细部节点做法与施工工艺图解@Aan quan wen ming 、 lv se shi gong xi bu jie dian zuo fa yu shi gong gong yi tu jie@f本书主编刘明生 |
| 205 | @a第2版 | |
| 210 | @a北京@c中国建筑工业出版社@d2025.02 | |
| 215 | @a16, 223页@c图@d21cm | |
| 225 | 2 | @a建筑工程细部节点做法与施工工艺图解丛书@Ajian zhu gong cheng xi bu jie dian zuo fa yu shi gong gong yi tu jie cong shu |
| 330 | @a本书以通俗、易懂、简单、经济、使用为出发点, 从节点图、实体照片、工艺说明三个方面解读工程节点做法。本书分为安全文明施工、绿色施工共2章。提供了100多个常用细部节点做法, 能够对项目基层管理岗位及操作层的实体操作及质量控制有所启发和帮助。 | |
| 410 | 0 | @12001 @a建筑工程细部节点做法与施工工艺图解丛书 |
| 517 | 1 | @a安全文明、绿色施工细部节点做法与施工工艺@Aan quan wen ming 、 lv se shi gong xi bu jie dian zuo fa yu shi gong gong yi |
| 606 | 0 | @a建筑工程@Ajian zhu gong cheng@x节点@x细部设计@x无污染技术@j图解 |
| 606 | 0 | @a建筑工程@Ajian zhu gong cheng@x工程施工@x无污染技术@j图解 |
| 690 | @aTU-023@v5 | |
| 701 | 0 | @a刘明生@Aliu ming sheng@4主编 |
| 801 | 0 | @aCN@c20250909 |
| 905 | @a河南城建学院图书馆@dTU-023@eL650=2@f1 | |
| 安全文明、绿色施工细部节点做法与施工工艺图解/本书主编刘明生.-第2版.-北京:中国建筑工业出版社,2025.02 |
| 16, 223页:图;21cm.-(建筑工程细部节点做法与施工工艺图解丛书) |
| ISBN 978-7-112-30260-4:CNY39.00 |
| 本书以通俗、易懂、简单、经济、使用为出发点, 从节点图、实体照片、工艺说明三个方面解读工程节点做法。本书分为安全文明施工、绿色施工共2章。提供了100多个常用细部节点做法, 能够对项目基层管理岗位及操作层的实体操作及质量控制有所启发和帮助。 |
| ● |
| 相关链接 |
|
|
|
正题名:安全文明、绿色施工细部节点做法与施工工艺
索取号:TU-023/L650=2
 
预约/预借
| 序号 | 登录号 | 条形码 | 馆藏地/架位号 | 状态 | 备注 |
| 1 | 1627906 | 216279060 | 建筑库101/101建筑库 3排2列2层/ [索取号:TU-023/L650=2] | 在馆 |